000 00772cab a2200253 4500
001 WB3302-11
008 090401t1997 xxu||||| |||| 00| 0 eng d
035 _a(Sirsi) u19415
041 _aeng
245 _aOffice market
260 _c1997
350 _a0
490 _aHerald
_v9 January 1997, 27(1)
520 _aGrimley predicts that Edinburgh`s office market will outperform Glasgow`s and the UK`s during 1997 - seeing a growth rate of 2.6%.
650 _a1997
650 _aEDINBURGH
650 _aFORECASTS
650 _aPROPERTY-COMMERCIAL PROPERTY-OFFICE PROPERTY-OFFICE PROPERTY MARKET
650 _aRENTAL GROWTH
650 _aSCOTLAND
690 _aPROPERTY-COMMERCIAL PROPERTY-COMMERCIAL PROPERTY MARKET
942 _n0
948 _c04/03/1997
999 _c12957
_d12957